000 00262nam a2200109Ia 4500
999 _c8856
_d8856
020 _a978-8177583588
100 _aMark Allen Weiss
245 0 _aData Structures And Algorithms Analysis In C
260 _aNew Delhi
_bViva Books
_c1989
300 _a370
942 _cBK